000
00242nam a2200109Ia 4500
999
_c
9303
_d
9303
020
_a
0717220257
100
_a
Lexicon Publications
245
0
_a
Lexicon Universal Encyclopedia
260
_a
USA
_b
Lexicon
_c
2002
300
_a
1256
942
_c
BK